<?xml version="1.0" encoding="UTF-8"?>
<record
    xmlns:xsi="http://www.w3.org/2001/XMLSchema-instance"
    xsi:schemaLocation="http://www.loc.gov/MARC21/slim http://www.loc.gov/standards/marcxml/schema/MARC21slim.xsd"
    xmlns="http://www.loc.gov/MARC21/slim">

  <leader>02183cam a22003135i 4500</leader>
  <controlfield tag="001">18244102</controlfield>
  <controlfield tag="003">EG-ScBUE</controlfield>
  <controlfield tag="005">20250629094945.0</controlfield>
  <controlfield tag="008">140728t2015    njua   f      001 0 eng d</controlfield>
  <datafield tag="020" ind1=" " ind2=" ">
    <subfield code="a">9781118996911</subfield>
  </datafield>
  <datafield tag="040" ind1=" " ind2=" ">
    <subfield code="a">EG-ScBUE</subfield>
    <subfield code="b">eng</subfield>
    <subfield code="e">rda</subfield>
    <subfield code="c">EG-ScBUE</subfield>
    <subfield code="d">EG-ScBUE</subfield>
  </datafield>
  <datafield tag="082" ind1="0" ind2="4">
    <subfield code="a">536.7028553</subfield>
    <subfield code="2">22</subfield>
    <subfield code="b">SAN</subfield>
  </datafield>
  <datafield tag="100" ind1="1" ind2=" ">
    <subfield code="a">Sandler, Stanley I.,</subfield>
    <subfield code="d">1940-</subfield>
    <subfield code="e">author.</subfield>
  </datafield>
  <datafield tag="245" ind1="1" ind2="0">
    <subfield code="a">Using Aspen plus in thermodynamics instruction :</subfield>
    <subfield code="b">a step-by-step guide /</subfield>
    <subfield code="c">Stanley I. Sandler, Department of Chemical and Biomolecular Engineering, University of Delaware, Newark, DE.</subfield>
  </datafield>
  <datafield tag="264" ind1=" " ind2="1">
    <subfield code="a">Hoboken, New Jeresy :</subfield>
    <subfield code="b">John Wiley &amp; Sons, </subfield>
    <subfield code="c">[2015]</subfield>
  </datafield>
  <datafield tag="264" ind1=" " ind2="4">
    <subfield code="c">c2015</subfield>
  </datafield>
  <datafield tag="300" ind1=" " ind2=" ">
    <subfield code="a">xi, 343 pages :</subfield>
    <subfield code="b">illustrations ;</subfield>
    <subfield code="c">26 cm</subfield>
  </datafield>
  <datafield tag="336" ind1=" " ind2=" ">
    <subfield code="2">rdacontent</subfield>
    <subfield code="a">text</subfield>
    <subfield code="b">txt</subfield>
  </datafield>
  <datafield tag="337" ind1=" " ind2=" ">
    <subfield code="a">unmediated</subfield>
    <subfield code="2">rdamedia</subfield>
    <subfield code="b">n</subfield>
  </datafield>
  <datafield tag="338" ind1=" " ind2=" ">
    <subfield code="a">volume</subfield>
    <subfield code="b">nc</subfield>
    <subfield code="2">rdacarrier</subfield>
  </datafield>
  <datafield tag="500" ind1=" " ind2=" ">
    <subfield code="a">Includes index.</subfield>
  </datafield>
  <datafield tag="505" ind1="0" ind2=" ">
    <subfield code="a">Getting started with Aspen Plus -- Two simpe simulations -- Pure component property analysis -- The NIST thermodata engine (TDE) -- Vapor-liquid equilibrium calculations using activity coefficient models -- Vapor-liquid equilibrium calculations using an equations of state -- Regression of liquid-liquid equilibrium (LLE) data and vapor-liquid-liquid equilibrium (VLLE) and predictions -- The property methods assistant and property estimation -- Chemical reaction equilibrium in Aspen Plus -- Shortcut distillation calculations -- A rigorous distillation calculation : RadFrac -- Liquid-liquid extraction -- Sensitivity analysis : a tool for repetitive calculations -- Electrolyte solutions.</subfield>
  </datafield>
  <datafield tag="520" ind1=" " ind2=" ">
    <subfield code="a">"This book provides the reader with a self-study, step-by-step guide to doing thermodynamic calculations in Aspen Plus (Version 8.x). This is done by providing actual screen shots of the Aspen Plus interface to solve example problems of various types, including vapor-liquid, liquid-liquid, vapor-liquid-liquid and chemical reaction equilibria, and simple applications to liquefaction, distillation and liquid-liquid extraction"--</subfield>
  </datafield>
  <datafield tag="630" ind1="0" ind2="7">
    <subfield code="a">Aspen plus.</subfield>
    <subfield code="2">BUEsh</subfield>
  </datafield>
  <datafield tag="650" ind1=" " ind2="7">
    <subfield code="a">Thermodynamics</subfield>
    <subfield code="x">Data processing.</subfield>
    <subfield code="2">BUEsh</subfield>
  </datafield>
  <datafield tag="653" ind1=" " ind2=" ">
    <subfield code="b">ENGCHE</subfield>
    <subfield code="c">May2017</subfield>
  </datafield>
  <datafield tag="655" ind1=" " ind2=" ">
    <subfield code="v">Text book</subfield>
    <subfield code="9">33728</subfield>
  </datafield>
  <datafield tag="942" ind1=" " ind2=" ">
    <subfield code="2">ddc</subfield>
    <subfield code="c">BB</subfield>
  </datafield>
  <datafield tag="999" ind1=" " ind2=" ">
    <subfield code="c">24821</subfield>
    <subfield code="d">24793</subfield>
  </datafield>
  <datafield tag="952" ind1=" " ind2=" ">
    <subfield code="0">0</subfield>
    <subfield code="1">0</subfield>
    <subfield code="2">ddc</subfield>
    <subfield code="4">0</subfield>
    <subfield code="7">0</subfield>
    <subfield code="8">Baccah</subfield>
    <subfield code="a">MAIN</subfield>
    <subfield code="b">MAIN</subfield>
    <subfield code="c">1ST</subfield>
    <subfield code="d">2017-05-10</subfield>
    <subfield code="e">Purchase</subfield>
    <subfield code="g">1250.00</subfield>
    <subfield code="l">0</subfield>
    <subfield code="o">536.7028553 SAN</subfield>
    <subfield code="p">000041834</subfield>
    <subfield code="r">2025-07-15 00:00:00</subfield>
    <subfield code="v">1563.00</subfield>
    <subfield code="y">NB</subfield>
  </datafield>
  <datafield tag="952" ind1=" " ind2=" ">
    <subfield code="0">0</subfield>
    <subfield code="1">0</subfield>
    <subfield code="2">ddc</subfield>
    <subfield code="4">0</subfield>
    <subfield code="7">0</subfield>
    <subfield code="8">Baccah</subfield>
    <subfield code="a">MAIN</subfield>
    <subfield code="b">MAIN</subfield>
    <subfield code="c">1ST</subfield>
    <subfield code="d">2017-05-10</subfield>
    <subfield code="e">Purchase</subfield>
    <subfield code="g">1250.00</subfield>
    <subfield code="l">0</subfield>
    <subfield code="o">536.7028553 SAN</subfield>
    <subfield code="p">000041835</subfield>
    <subfield code="r">2025-07-15 00:00:00</subfield>
    <subfield code="v">1563.00</subfield>
    <subfield code="y">BB</subfield>
  </datafield>
</record>
